Festschrift der Handwerkskammer zu Danzig aus Anlaß der Einweihung der Technischen Hochschule zu Danzig

Titel: Festschrift der Handwerkskammer zu Danzig aus Anlaß der Einweihung der Technischen Hochschule zu Danzig / in Beiträgen von [Arthur] Lindner und [Heinrich] Peiser
Verfasser:
Beteiligt:
Körperschaft:
Veröffentlicht: Danzig, 1904
Umfang: 68 S.
Format: Buch
Sprache: Deutsch
Kein Bild verfügbar
X
Lokale Klassifikation: 7 13 C
alg: 12476921
001A    $03004:16-11-04 
001B    $01999:19-08-22 $t19:03:16.000 
001C    $06002:03-03-06 $t01:58:42.000 
001D    $03004:16-11-04 
001U    $0utf8 
001X    $00 
002@    $0Aau 
003@    $0124769217 
003O    $0177319755 $aOCoLC 
007A    $0124769217 $aHEB 
007T    $0Herdhh124769217 
010@    $ager 
011@    $a1904 
021A    $aFestschrift der Handwerkskammer zu Danzig aus Anlaß der Einweihung der Technischen Hochschule zu Danzig $hin Beiträgen von [Arthur] Lindner und [Heinrich] Peiser 
028A    $D20220215 $Ecgwrk $71055148949 $8Lindner, Arthur$Z1871- [Tp3] $9344933490 
028B/01 $#Peiser, H. $D20220215 $Ecgwrk $71019874368 $8Peiser, Heinrich [Tp3] $9289809576 
029F    $7510030-6 $8Handwerkskammer Danzig [Tb1] $9041495691 
033A    $pDanzig 
034D    $a68 S. 
045F    $a330.094382 $eDDC23BSB 
045F/01 $a330.09 
045F/03 $g4382 
045F/03 $g43832 
046L    $aIn Fraktur. 

lok: 12476921 24
101B    $016-11-04 $t16:02:54.000 
101C    $016-11-04 
145Z/01 $a7 13 C 
101U    $0utf8 

exp: 12476921 24 1 #EPN
201B/01 $016-11-04 $t16:02:54.000 
201C/01 $016-11-04 
203@/01 $0221911685 
208@/01 $a16-11-04 $br 
209A/01 $a7 XIII C 4 $du $f050 $h7 13 C 4 $x00 
209C/01 $aFg 15 $hFg 15 
209G/01 $a70755467 $x00 
220C/01 $agro 
247C/01 $8358050-7 Marburg, Bibliothek des Herder-Instituts Marburg $9102600961 
201U/01 $0utf8 

lok: 12476921 78

exp: 12476921 78 1 #EPN
201B/01 $019-04-17 $t19:33:49.000 
201U/01 $0utf8 
203@/01 $0793747899 
208@/01 $a12-11-16 $be 
209A/01 $a/ $f000 $x00 
237A/01 $aIn Fraktur. - weiterführende Signatur(en): Herder-Institut: 7 XIII C 4 
244Z/01 $2Trx $#Prusy Wschodnie i Zachodnie $8--Trx--Ost- und Westpreußen $x01 $939113373X 
244Z/01 $2Trx $8--Trx--Monographie $x02 $9391384546 
245Z/01 $a09.04 $x01 
247C/01 $82080>Marburg/Lahn, Herder-Institut, Forschungsbibliothek, Bibliographieportal $9336309341
LEADER 00000cam a2200000 c 4500
001 124769217
003 DE-603
005 20220819190316.0
007 tu
008 041116s1904 xx |||| | u00||u|ger c
035 |a (DE-599)HEB124769217 
035 |a (OCoLC)177319755 
040 |a DE-603  |b ger  |c DE-603  |d DE-603 
041 |a ger 
082 0 4 |8 1\u  |a 330.094382  |q DE-101  |2 23/BSB 
085 |8 1\u  |b 330.09 
085 |8 1\u  |z 2  |s 4382 
085 |8 1\u  |z 2  |s 43832 
100 1 |a Lindner, Arthur  |d 1871-  |0 (DE-603)344933490  |0 (DE-588)1055148949  |2 gnd 
245 0 0 |a Festschrift der Handwerkskammer zu Danzig aus Anlaß der Einweihung der Technischen Hochschule zu Danzig  |c in Beiträgen von [Arthur] Lindner und [Heinrich] Peiser 
264 1 |a Danzig  |c 1904 
300 |a 68 S. 
546 |a In Fraktur. 
700 1 |a Peiser, Heinrich  |0 (DE-603)289809576  |0 (DE-588)1019874368  |2 gnd 
710 2 |a Handwerkskammer Danzig  |0 (DE-603)041495691  |0 (DE-588)510030-6  |2 gnd 
924 0 |9 Mb 50  |a (DE-603)221911685  |b DE-Mb50  |c HES  |d c  |g 7 XIII C 4 
924 0 |9 2080  |a (DE-603)793747899  |b DE-2080  |c HES  |d d  |g /